00546nam a22001697a 450000500170000001000150001702000260003203500140005803700130007208200160008510000230010124500850012426000400020927000600024930000230030950000440033220190130160538.0 aENG-124683 a9789383848485c395.00 aEN-108215 bDBAD/PUB a303.4840954 aAbhay Prasad Singh aDevlopment process and social movements in contemporary/cby Abhay Prasaad Singh aNew Delhi bPinnacle Learningc2018 a24,D.D.A Shopping Complex Ber SaraibNew Delhi e110016 a324p. c24cm.(pbk) aIts includes bibliography and bionotes.